000 00854nam a2200253 a 4500
999 _c11174
_d11174
001 11174
003 BD-JhCC
005 20200217134008.0
008 190606b 2017bg |||| ||a| 000 0 ben d
020 _a9848260528
035 _a(BD-JhCC)11174
040 _aBD-JhCC
_dBD-JhCC
041 _aben
082 _bKHE 2017
_a158.1
100 _aখেরা, শিব
245 _aতুমিও জিতবে /
_cশিব খেরা, প্রফেসর আলতাফ হোসেন (অনু)
260 _aঢাকা:
_bদি স্কাই পাবলিশার্স;
_c২০১৭.
300 _a১৬৭ পৃ. :
_c২২ সেমি.
650 _aSuccess
650 _aSelf-actualization (Psychology)
700 _a হোসেন , প্রফেসর আলতাফ
942 _2ddc
_cBK
_02